000 00569nam a22001817a 4500
003 UA-OsUOA
001 8899
007 ta
008 20041005b un ||||| |||| 00| 0 ukr d
100 _aЛисиченко Л.
942 _cSA
040 _aUA-OsUOA
_cUA-OsUOA
_dUA-OsUOA
245 _aНа сторожі рідного слова : До 80 - річчя Сергія Дорошенка
_bДо 80 - річчя Сергія Дорошенка
300 _aС.64-65
955 _a0
773 0 _w0
_tДИВОСЛОВО
_d2004
_dN9
650 7 _aДорошенко С.
_2UDC
999 _c295060
_d295060